000 00450nam a2200193Ia 4500
003 0100
008 130227s9999 xx 000 0 und d
040 _cARRUPELIB
050 _aHQ801.K63 1997
100 _aKiura, Jane
245 _aSuccess in marriage
260 _aNairobi
260 _bPaulines Publications Africa
260 _C1997
300 _a88p.
300 _b 22cm.
650 _bThomas a Beckett, St--Fiction
942 _2lcc
_01
999 _c1514
_d1514